Sokat ígérő találmány

Elmentve itt :
Bibliográfiai részletek
Szerző: Simai Mihály
Dokumentumtípus: Cikk
Megjelent: 1972-01-25
Sorozat:Délmagyarország 62 No. 20
Kulcsszavak:Pálfi Gábor
Online Access:http://dmarchiv.bibl.u-szeged.hu/98265
LEADER 00442nab a2200157 i 4500
001 delm98265
005 20190322091043.0
008 190322s1972 hu o 0|| hun d
040 |a SZTE Délmagyarország Archívum  |b hun 
041 |a hun 
100 1 |a Simai Mihály 
245 1 0 |a Sokat ígérő találmány  |h [elektronikus dokumentum] /  |c  Simai Mihály 
260 |c 1972-01-25 
300 |a 5 
490 0 |a Délmagyarország  |v 62 No. 20 
695 |a Pálfi Gábor